| 000 | 01294nam0a2200241 i 4500 | ||
|---|---|---|---|
| 001 | RU\NLR\bibl\1232110 | ||
| 005 | 20240725183240.0 | ||
| 035 | _a(NLR Aleph) 001218371 | ||
| 090 |
_a122428 _c122428 |
||
| 100 | _a20080526d2006 |||y0rusy50 ca | ||
| 101 | 0 | _arus | |
| 102 | _aRU | ||
| 105 | _ay dm ||||| | ||
| 200 | 1 |
_aУправление образовательным процессом в филиале заполярного педвуза на этапе его становления и развития _e(на примере филиала КГПУ им.В.П.Астафьева в г.Норильске) _eавтореф. дис. на соиск. учен. степ. канд. пед. наук _eспециальность 13.00.01 <об. пед., ист. пед. и образов.> _fГерасимова Александра Александровна _g[Ин-т общего образов. Мин-ва образов. и науки РФ] |
|
| 210 |
_aМосква _d2006 |
||
| 215 |
_a25 с. _d21 |
||
| 320 | _aБиблиогр.: с. 23-25 (20 назв.) | ||
| 686 |
_a13.00.01 _2oksvnk |
||
| 700 | 1 |
_aГерасимова _bА. А. _gАлександра Александровна |
|
| 801 | 0 |
_aRU _bNLR _c20080526 _gRCR |
|
| 801 | 1 |
_aRU _bNLR _c20080526 |
|
| 942 | _cBOOK | ||